01636ngm a2200265 a 450000500170000000800410001708200170005811000290007524500930010425000180019730000540021549000280026952006190029752100380091654600230095465000640097765000610104165000650110274000450116726400350121233600270124733700330127433800280130704000350133520220317001434.0161108s2014 ck g 000 0 s 04a611.73bD37c aDiscovery Communications00aCuerpo humano al límitebfuerza muscularcDiscovery Communicationshvideodisco digital a1a. edición a1 DVD (60 minutos)bsonido, color, digitalc12 cm aDiscovery en la escuela aEl cuerpo humano se caracteriza por su fuerza, poder y resistencia. Los huesos son duros como el concreto y lo suficientemente flexibles como para resistir quebraduras y roturas. Los músculos, ligamentos y articulaciones tienen mucho más rendimiento y resistencia de lo que imaginamos. Este episodio presenta testimonios sorprendentes de personas que han experimentado una inusual fuerza física o mental al ser empujados al límite. Estas historias son complementadas con asombrosas imágenes computarizadas que permiten ver el funcionamiento interior del cuerpo de una forma transparente nunca antes vista aRecomendado para todas las edades aAudio en español142LEMBaSistema muscularvDocumentalesvVideodiscos digitales142LEMBaCuerpo humanovDocumentalesvVideodiscos digitales142LEMBaAnatomía humanavDocumentalesvVideodiscos digitales aHuman body pushing the limits : strenght aBogotábMS Tv & Videosc2014 atextobtxt2rdacontent asin mediaciónbn2rdamedia avolumenbnc2rdacarrier aCO-BoRNBPbspaerdacCO-BoRNBP